000 00771nam a2200229 a 4500
001 000004439
005 20200929151436.0
008 770801s1964 sp a 001 f spa
040 _aDO-SdBNP
_bspa
_cBNPHU
041 1 7 _aspa
_hfre
082 _a843.91
_bD186s, 1964
100 1 _aDaninos, Pierre,
_d1913-
_913029
240 1 3 _aLe secret du major Thompson.
_lEspañol
245 1 3 _aEl secreto del mayor Thompson :
_bnovela /
_cPierre Daninos ; traducción de J. Romero de Tejada.
250 _a2a ed.
260 _aBarcelona :
_bPlaneta,
_c1964.
300 _a280 p. :
_bil. ;
_c19 cm.
534 _aTítulo original:
_tLe secret du major Thompson.
650 4 _aNovela francesa
_91075
650 4 _aLiteratura francesa
_91074
700 1 _aTejada, J. Romero de,
_etr.
_911151
999 _c4248
_d4248